000 00831nam a2200253 i 4500
001 bg
100 1 _aThieme, Jerzy K.
245 1 0 _aSzkolnictwo wyższe :
_bwyzwania XXI wieku : Polska, Europa, USA /
_cJerzy K. Thieme.
260 _aWarszawa :
_bCentrum Doradztwa i Informacji DIFIN,
_c2009.
300 _a404 s. ;
_c23 cm.
504 _aIndeks rzeczowy.
650 9 _aSzkolnictwo wyższe
_zPolska
_y21 w.
650 9 _aSzkolnictwo wyższe
_zEuropa
_y21 w.
650 9 _aSzkolnictwo wyższe
_zStany Zjednoczone
_y21 w.
020 _a9788376410531
040 _cBPK
041 _apol
044 _aPOL
080 _a378(100)
920 _a978-83-7641-053-1
942 _cKS
008 s pl f |000 0 pol
999 _c56539
_d56539
856 _uhttp://koha.tu.koszalin.pl/cgi-bin/koha/opac-detail.pl?biblionumber=56539
_yKatalog online BPK